Normal view
MARC view
Entry Topical Term
001 - CONTROL NUMBER
- control field: 59870
003 - CONTROL NUMBER IDENTIFIER
- control field: OSt
005 - DATE AND TIME OF LATEST TRANSACTION
- control field: 20260327150141.0
008 - FIXED-LENGTH DATA ELEMENTS
- fixed length control field: 260327|| aca||aabn | a|a d
040 ## - CATALOGING SOURCE
- Original cataloging agency: OSt
- Transcribing agency: OSt
150 ## - HEADING--TOPICAL TERM
- Topical term or geographic name entry element: Academic libraries, Research data management, Data management Plan, Research data, Research data service, Research data lifecycle
670 ## - SOURCE DATA FOUND
- Source citation: Work cat.: (OSt): Paladhi, Monali Mitra and Mukherjee, Evana 59869, Research data management in indian academic libraries: Challenges, opportunities and the way forward
